Normal view
MARC view
- Management information systems
Entry Topical Term
001 - CONTROL NUMBER
- control field: 114214
003 - CONTROL NUMBER IDENTIFIER
- control field: NUST
005 - DATE AND TIME OF LATEST TRANSACTION
- control field: 20230819132030.0
008 - FIXED-LENGTH DATA ELEMENTS
- fixed length control field: 230819|| aca||aabn | a|a d
040 ## - CATALOGING SOURCE
- Original cataloging agency: NUST
- Transcribing agency: NUST
150 ## - HEADING--TOPICAL TERM
- Topical term or geographic name entry element: Management information systems
- General subdivision: Auditing
- General subdivision: Examinations
670 ## - SOURCE DATA FOUND
- Source citation: Work cat.: (NUST)190823: Cannon, David L., 114212, CISA--Certified Information Systems Auditor : (Include CD), c2006.
